00921nam a22002297a 450000500170000000800410001701000140005802000240007203500130009603700150010904000120012408200140013624501430015026000460029326000090033927000810034830000220042950000500045194200290050199900170053095201440054720080626104633.0080618t xxu||||| |||| 00| 0 eng d aENG-90429 c1800.00a0761935940 aEN-73962 bDBAD / PUB aDPLbEN a327.73054 aThe United States and India :cedited by Praveen K. Chaudhry {and] marta Vanduzer-Snowba history through archives : the formative years / aNew Delhi bSage Publications Indiac2008 a b  aB 1/1-1 Mohan Cooperative Industrial Area, Mathura Road bNew Delhi e110044 a683p.c24 cm (Hb) aIncludes bibliographical references and index cENh327.73054 2ddcmUNI c14113d14113 001040718NFICaDBADbDBADd2008-06-30eDBAD / PUBg1800.00l0o327.73054 UNIpEN-73962r2008-09-15 00:00:00t1v1800.00w2008-09-15yEN